00479nam a2200133Ia 4500008004100000082001200041100004500053245006000098260000900158264004600167942001300213952010200226999001700328231129s1997||||xx |||||||||||||| ||spa|| aER- 534 aOssa Patiño Luis Alberto ... [et al.] 0aLa salud ocupacional en el trabajo docente en Risaralda c1997 aSantafé de Bogotá D.C. : Codice 1997 2ddccBKS 00102ddc4070aBRCbBRCd2018-10-18l0oER- 534pER-534r2023-11-29 21:21:09t1w2023-11-29yBK c18179d18179